| 000 | 01197cam a2200301Ii 4500 | ||
|---|---|---|---|
| 999 |
_c6576 _d6576 |
||
| 001 | ocn970042105 | ||
| 003 | OCoLC | ||
| 005 | 20200221153649.0 | ||
| 007 | ta | ||
| 008 | 190514s2018 ck a gr 001 0 spa d | ||
| 020 | _a9789588997957 | ||
| 040 |
_aCO-BoPUJ _bspa _cCO-JMCR |
||
| 082 | 0 | 4 |
_a986.108 _bA319v |
| 100 | 1 |
_aAlape, Arturo, _eautor _9837 |
|
| 245 | 1 | 0 |
_aVersiones del Bogotazo / _cArturo Alape [y otros diez] |
| 250 | _aPrimera edición. | ||
| 264 | 1 |
_aBogotá : _bAlcaldía Mayor de Bogotá ; Instituto Distrital De Las Artes, _c2018 |
|
| 300 |
_a221 páginas : _bilustraciones ; _c17 cm |
||
| 490 | 1 |
_aLibro al viento. Colección Capital ; _v131. |
|
| 500 | _aBiografías de los autores en páginas 218-221. | ||
| 520 | _aCuando la noche del 9 de abril envolvió a Bogotá, la total ausencia del alumbrado eléctrico no se hizo notar, porque la ciudad estaba iluminada por cien incendios. | ||
| 600 | 1 | 4 |
_aGaitán, Jorge Eliécer _d1903-1948 _9838 |
| 650 | 1 | 4 |
_aViolencia _zColombia _9839 |
| 650 | 2 | 4 |
_aInsurrección del 9 de abril de 1948 _9840 |
| 651 | 4 |
_aColombia _xHistoria _xPeriodo de La Violencia _y1947-1957 _9841 |
|
| 830 | 0 |
_aLibro al viento _9842 |
|
| 942 |
_2ddc _cBK |
||